Brawl Stars: Meg Skins by Picture - Statistics

General Stats
  • This quiz has been taken 29 times
    7 since last reset
  • The average score is 6 of 7
Answer Stats
Picture Answer % Correct
Beetle Meg
100%
Megalodon
100%
True Gold Meg
100%
True Silver Meg
100%
Jaguar Spirit Meg
67%
Monster Truck Meg
50%
Whisked Meg
33%
No matching quizzes found
Score Distribution
Percent of People with Each Score
Percentile by Number Answered
Your Score History
You have not taken this quiz since the last reset